| 000 | 00789nam a2200241 a 4500 | ||
|---|---|---|---|
| 005 | 20240925065005.0 | ||
| 008 | 150506s2012 mx r 000 0 spa d | ||
| 020 | _a9786073207522 | ||
| 035 | _aUPN01000203200 | ||
| 049 | _aCG | ||
| 050 | 4 |
_aLC1031 _bP5.3 |
|
| 100 | 1 |
_aPimienta Prieto, Julio Herminio _937200 |
|
| 245 | 1 | 0 |
_aEstrategias de enseñanza-aprendizaje : _bdocencia universitaria basada en competencias / _cJulio Herminio Pimienta Prieto. |
| 260 |
_aMéxico : _bPearson Educación, _c2012. |
||
| 300 |
_a184 p. : _bil., cuadros |
||
| 440 | 0 | _aEducación | |
| 650 | 4 |
_aEducación basada en competencias _913564 |
|
| 650 | 4 | _aESTRATEGIAS DE APRENDIZAJE | |
| 650 | 4 |
_aPsicología del aprendizaje _95221 |
|
| 650 | 4 |
_aEnseñanza _96215 |
|
| 905 | _aLibro | ||
| 999 |
_c175301 _d175301 |
||